1680 1697 1445 1860 1786 1842 1828 1434 1204 1903 1759 1359 1568 1793 1918 1925 1844 1712 1886 1673 1098 1224 1918 1235 1849 1658 1358 1102 1425 1488 1070 1941 1033 1203 1223 1590 1391 1247 1473 1430 1621 1929 1104 1906 1927 1872 1806 1912 1463 1759 1991 1007 1163 1690 1738 1957 1207 1338 1917 1840 1637 1840 1523 1282 1866 1674 1390 1237 1936 1189 1046 1032 1031 1565 1614 1791 1116 1693 1381 1626 1016 1101 1981 1960 1266 1590 1295 1566 1994 1275 1536 1858 1696 1291 1526 1323 1217 1948 1765 BCNSPRNW ULIB Ver.6.0+V

เปลี่ยนเป็นภาษาไทย

Change to English
 แสดงรายละเอียดบรรณานุกรม
  กลับหน้าหลัก

Brief Record : Get Marc (ISO 2709) : E-mail record : QR code < ปิดหน้าต่าง
LEADER : 00000nam 2200000uu 4500
001    13399125945
003     ULIB
008    171121s2012||||th 000 0 tha d
020    ^a9781935476795
060    ^aWY16.1^bS283R
100 0  ^aSherwood, Gwen
245 10 ^aReflective practice : transforming education and improving outcomes /^cGwen Sherwood, Sara Horton-Deutsch
246 31 ^aReflective practice : transforming education and improving outcomes.
260    ^aIndianapolis :^bSigma Theta Tau International,^c2012.
300    ^a345 หน้า :^bภาพประกอบ ;^c26 ซม.
650  4 ^aNursing
650  4 ^aGreativeness
650  4 ^aEducation, Nursing
650  4 ^aNursing Process
650  0 ^aPhilosophy, Nursing
945    ^p0^l0^i003386
999    ^aประนอม เกษจรัล
รายการนี้ยังไม่มีแท็ก
คุณยังไม่ได้ล็อกอิน คุณสามารถมีกิจกรรมร่วมกับเว็บไซต์ได้ แต่ต้องล็อกอินก่อน ::
  ล็อกอิน

รายการสื่อสารสนเทศ

ลำดับที่ ประเภท เลขเรียก/บาร์โค้ด สถานที่ สถานะ
1. วิทยาศาสตร์การแพทย์ และสุขภาพ
วิทยาศาสตร์การแพทย์ และสุขภาพ
WY16.1 S283R ฉ.1 
  Barcode: 003386
ห้องสมุดวิทยาเขตสวรรค์ประชารักษ์
►หนังสือทั่วไป
บนชั้น

รายการใกล้เคียง
    หัวเรื่อง [Nursing]
    หัวเรื่อง [Education, Nursing]
    หัวเรื่อง [Nursing Process]

BibComment


ยังไม่เคยถูกคอมเมนท์

คอมเมนท์ทรัพยากรรายการนี้
  คอมเมนท์: Reflective pract..


 Copyright 2026. Bcnsprnw @Library